Carta del Cardenal de México al Fiscal sobre el breve de la alternativa, que se ha de observar en la providencia de la Orden de San Agustín

Detalles Bibliográficos
Formato: Libro
Publicado: México, 1672
Materias:
Colección:Banco de datos
Acervo:Biblioteca Palafoxiana. Colección de Manuscritos
Descripción Física:1 f. ; 30 x 20.5 cm.
Tema general:Eclesiástica
LEADER 00452nam a22001330004500
035 |a 2204 
245 1 0 |a Carta del Cardenal de México al Fiscal sobre el breve de la alternativa, que se ha de observar en la providencia de la Orden de San Agustín 
260 |a México, 1672 
300 |a 1 f. ; 30 x 20.5 cm. 
650 1 0 |a Eclesiástica 
949 |a 38225/009 
942 |c PALAMANU 
943 |g Biblioteca Palafoxiana. Colección de Manuscritos 
999 |c 1070149  |d 1070149